Batman: Arkham Series Bosses - Statistics

General Stats
  • This quiz has been taken 1,566 times
    259 since last reset
  • The average score is 20 of 26
Answer Stats
% Correct
Arkham Asylum Joker
100%
Arkham City Joker
100%
Arkham Knight Joker
100%
Arkham Asylum Bane
92%
Arkham Origins Bane
92%
Arkham Asylum Poison Ivy
90%
Arkham Asylum Killer Croc
89%
Arkham Origins Killer Croc
89%
Arkham Asylum Scarecrow
89%
Arkham City Mr. Freeze
87%
Arkham Knight Arkham Knight
82%
Arkham City Ra's al Ghul
81%
Arkham Origins Deathstroke
80%
Arkham Knight Deathstroke
80%
Arkham City Clayface
77%
Arkham Knight Riddler
75%
Arkham Knight Two-Face
74%
Arkham Origins Deadshot
73%
Arkham Origins Firefly
68%
Arkham Knight Firefly
68%
Arkham City Solomon Grundy
64%
Arkham Origins Copperhead
49%
Arkham City Mad Hatter
49%
Arkham Knight Professor Pyg
48%
Arkham Origins Electrocutioner
47%
Arkham Origins Shiva
42%
No matching quizzes found
Score Distribution
Percent of People with Each Score
Percentile by Number Answered
Your Score History
You have not taken this quiz since the last reset